Trh cudzích mien diplomová práca

Na minha lista:
Detalhes bibliográficos
Autor principal: Šedík, Dušan
Autor Corporativo: Fakulta podnikového manažmentu EU. Katedra podnikových financií
Outros Autores: Badura, Peter, 1978-
Formato: Livro
Idioma:eslovaco
Publicado em: Bratislava 2015
Tags: Adicionar Tag
Sem tags, seja o primeiro a adicionar uma tag!

MARC

LEADER 00000nbm a2200000 4500
001 0206452
005 20161212100900.0
041 0 |a slo 
044 |a SK 
245 1 0 |a Trh cudzích mien  |b diplomová práca  |c Dušan Šedík ; školiteľ: Peter Badura 
264 1 |a Bratislava  |c 2015 
300 |a 83 s. 
100 1 |a Šedík, Dušan 
700 1 |a Badura, Peter, 1978- 
710 2 |a Fakulta podnikového manažmentu EU. Katedra podnikových financií